|
|
|
|
| LEADER |
00000naa0a2200000 4500 |
| 001 |
651601 |
| 005 |
20250827162817.0 |
| 035 |
|
|
|a (RuTPU)RU\TPU\network\16850
|
| 035 |
|
|
|a RU\TPU\network\16703
|
| 090 |
|
|
|a 651601
|
| 100 |
|
|
|a 20161117d2015 k y0rusy50 ca
|
| 101 |
0 |
|
|a rus
|
| 102 |
|
|
|a RU
|
| 135 |
|
|
|a drcn ---uucaa
|
| 181 |
|
0 |
|a i
|
| 182 |
|
0 |
|a b
|
| 200 |
1 |
|
|a Программный эксперимент по балансировке нагрузки в распределенной вычислительной системе
|f А. Е. Нагиев, И. А. Ботыгин
|
| 203 |
|
|
|a Текст
|c электронный
|
| 300 |
|
|
|a Заглавие с экрана
|
| 320 |
|
|
|a [Библиогр.: с. 131 (5 назв.)]
|
| 330 |
|
|
|a Представлены результаты программных экспериментов поулучшению балансировки нагрузки в распределенных вычислительных системах. Предложена схема управления обработки запросов от терминальных устройств, обеспечивающая эффективное динамическое горизонтальное масштабирование вычислительной мощности при пиковых нагрузках.
|
| 463 |
|
1 |
|t Восьмая Сибирская конференция по параллельным и высокопроизводительным вычислениям
|o материалы, г. Томск, 28-30 октября 2015 г.
|f Национальный исследовательский Томский государственный университет (ТГУ)
|v [С. 127-131]
|d 2015
|
| 610 |
1 |
|
|a электронный ресурс
|
| 610 |
1 |
|
|a труды учёных ТПУ
|
| 610 |
1 |
|
|a многопоточность
|
| 610 |
1 |
|
|a балансировка
|
| 610 |
1 |
|
|a нагрузки
|
| 610 |
1 |
|
|a распределенные вычисления
|
| 610 |
1 |
|
|a программные эксперименты
|
| 700 |
|
1 |
|a Нагиев
|b А. Е.
|g Андрей Евгеньевич
|
| 701 |
|
1 |
|a Ботыгин
|b И. А.
|c специалист в области информатики и вычислительной техники
|c доцент Томского политехнического университета, кандидат технических наук
|f 1947-
|g Игорь Александрович
|3 (RuTPU)RU\TPU\pers\25190
|9 11270
|
| 712 |
0 |
2 |
|a Национальный исследовательский Томский политехнический университет (ТПУ)
|b Институт кибернетики (ИК)
|b Кафедра информатики и проектирования систем (ИПС)
|3 (RuTPU)RU\TPU\col\18697
|
| 801 |
|
2 |
|a RU
|b 63413507
|c 20161117
|g RCR
|
| 856 |
4 |
|
|u http://elibrary.ru/item.asp?id=25451636
|
| 942 |
|
|
|c CF
|